Inversión Extranjera, Industrialización y Mano de Obra. El Caso de Panamá /
שמור ב:
| מחבר ראשי: | |
|---|---|
| פורמט: | לא ידוע |
| נושאים: | |
| תגים: |
הוספת תג
אין תגיות, היה/י הראשונ/ה לתייג את הרשומה!
|
MARC
| LEADER | 00000 a2200000 04500 | ||
|---|---|---|---|
| 001 | 31448 | ||
| 003 | cru IIS | ||
| 005 | 20230307141442.0 | ||
| 008 | 991231s d | ||
| 040 | |c cru IIS | ||
| 090 | |a 0001 C172f | ||
| 100 | 1 | |a González, Simeón |9 10975 | |
| 245 | |a Inversión Extranjera, Industrialización y Mano de Obra. El Caso de Panamá / |c Simeón González | ||
| 300 | |a 201-217 p. | ||
| 650 | |a MERCADO COMUN CENTROAMERICANO | ||
| 650 | |a INDUSTRIA | ||
| 650 | |a EMPLEO | ||
| 650 | |a MANO DE OBRA | ||
| 650 | |a SECTOR INDUSTRIAL | ||
| 650 | |a INDICADORES SOCIALES | ||
| 773 | 0 | |0 12363 |9 8351 |a Camacho, Daniel |d San José: EDUCA, 1979 |o 02778 |t El Fracaso social de la integración centroamericana: Capital, tecnología y empleo / |w (cru IIS)31338 | |
| 942 | |2 ddc |c LI | ||
| 999 | |c 44798 |d 44798 | ||
